[Event "CalChess Masters op"]
[Site "San Francisco"]
[Date "2007.09.30"]
[Round "4"]
[White "Keatinge Clay, Adrian"]
[Black "Kislik, Erik Andrew"]
[Result "1/2-1/2"]
[WhiteElo "2239"]
[BlackElo "2011"]
[PlyCount "220"]
[EventDate "2007.09.29"]
[EventType "swiss"]
[EventRounds "4"]
[EventCountry "USA"]
[SourceTitle "EXT 2008"]
[Source "ChessBase"]
[SourceDate "2007.11.25"]
[SourceVersion "1"]
[SourceVersionDate "2007.11.25"]
[SourceQuality "1"]

1. d4 Nf6 2. c4 e6 3. Nc3 d5 4. Bg5 Be7 5. Nf3 0-0 6. e3 h6 7. Bh4 b6 8. Bd3 Bb7 9. 0-0 Nbd7 10. Qe2 Ne4 11. Bxe7 Qxe7 12. cxd5 exd5 13. Ba6 Nxc3 14. bxc3 Bxa6 15. Qxa6 Qd6 16. Rfd1 Rfe8 17. Rac1 Nb8 18. Qa4 Qd7 19. Qc2 b5 20. Ne5 Qe6 21. a4 a6 22. Ra1 Nd7 23. Nxd7 Qxd7 24. Ra3 Rab8 25. axb5 axb5 26. Rda1 Rb6 27. Ra5 Rg6 28. Qe2 Qh3 29. Qf1 c6 30. Ra7 Qc8 31. R1a6 Qf5 32. Ra2 Ree6 33. g3 Kh7 34. Qd1 h5 35. Qc2 Re4 36. Rc7 h4 37. Ra8 hxg3 38. hxg3 Rh6 39. Rcc8 Rh1+ 40. Kxh1 Rh4+ 41. gxh4 Qxc2 42. Kg2 Qxc3 43. h5 Kh6 44. Rh8+ Kg5 45. Rag8 Kf6 46. Rh7 Qd3 47. Rhxg7 Qe4+ 48. Kg3 Qh1 49. Rg4 Qg1+ 50. Kf3 Qh1+ 51. Kg3 Qg1+ 52. Kf3 Qh1+ 53. Kg3 Qxh5 54. Rc8 Qh1 55. Rxc6+ Ke7 56. Rf4 Qg1+ 57. Kh4 Qh2+ 58. Kg5 Qg2+ 59. Kf5 b4 60. Ke5 b3 61. Rc7+ Kd8 62. Rb7 Kc8 63. Rxb3 Qg5+ 64. Kd6 Qd8+ 65. Kc5 Qe7+ 66. Kb5 Qb7+ 67. Ka4 Qa6+ 68. Kb4 Qc4+ 69. Ka3 Qa6+ 70. Kb2 Qe2+ 71. Kc1 Qe1+ 72. Kc2 Qe2+ 73. Kb1 Qd1+ 74. Kb2 Qd2+ 75. Ka3 Qc1+ 76. Ka2 Qc2+ 77. Ka3 Qc1+ 78. Ka4 Qc4+ 79. Rb4 Qa6+ 80. Kb3 Qd3+ 81. Kb2 Qd2+ 82. Kb3 Qd1+ 83. Ka3 Qa1+ 84. Kb3 Qd1+ 85. Ka3 Qd3+ 86. Ka4 Qa6+ 87. Kb3 Qd3+ 88. Ka4 Qc2+ 89. Kb5 Qc7 90. Rf6 Kd8 91. Ra4 Ke7 92. Rc6 Qb7+ 93. Kc5 Qb1 94. Ra7+ Kf8 95. Rcc7 Qc2+ 96. Kd6 Qg6+ 97. Kxd5 Qf5+ 98. Kc4 Qc2+ 99. Kd5 Qf5+ 100. Kc6 Qc2+ 101. Kb5 Qb3+ 102. Kc5 Qc2+ 103. Kd6 Qg6+ 104. Kd5 Qf5+ 105. Kd6 Qg6+ 106. Ke5 Qh5+ 107. Kf4 Qh4+ 108. Kf3 Qh5+ 109. Ke4 Qg6+ 110. Kf4 Qh6+ 1/2-1/2

[Event "CalChess Masters op"]
[Site "San Francisco"]
[Date "2007.09.30"]
[Round "3"]
[White "Yap, Nicolas A"]
[Black "Keatinge Clay, Adrian"]
[Result "1-0"]
[WhiteElo "2300"]
[BlackElo "2239"]
[PlyCount "61"]
[EventDate "2007.09.29"]
[EventType "swiss"]
[EventRounds "4"]
[EventCountry "USA"]
[SourceTitle "EXT 2008"]
[Source "ChessBase"]
[SourceDate "2007.11.25"]
[SourceVersion "1"]
[SourceVersionDate "2007.11.25"]
[SourceQuality "1"]

1. e4 c5 2. Nf3 e6 3. d4 cxd4 4. Nxd4 Nf6 5. Nc3 d6 6. g4 h6 7. Rg1 Nc6 8. Be3 Qc7 9. h4 Nd7 10. Qe2 a6 11. 0-0-0 b5 12. f4 Nc5 13. Nxc6 Qxc6 14. Bg2 Rb8 15. f5 b4 16. e5 d5 17. Nxd5 exd5 18. Bxd5 Qb6 19. Bc4 Qc6 20. Bf4 Rb6 21. Rge1 Be7 22. Rd6 Qc7 23. f6 gxf6 24. Rxb6 Qxb6 25. exf6 Ne6 26. fxe7 Kxe7 27. Be5 Rg8 28. Qf3 Bd7 29. Rd1 Rc8 30. Rxd7+ Kxd7 31. Qxf7+ 1-0

[Event "CalChess Masters op"]
[Site "San Francisco"]
[Date "2007.09.29"]
[Round "1"]
[White "Zierk, Steven C"]
[Black "Keatinge Clay, Adrian"]
[Result "0-1"]
[WhiteElo "2040"]
[BlackElo "2239"]
[PlyCount "84"]
[EventDate "2007.09.29"]
[EventType "swiss"]
[EventRounds "4"]
[EventCountry "USA"]
[SourceTitle "EXT 2008"]
[Source "ChessBase"]
[SourceDate "2007.11.25"]
[SourceVersion "1"]
[SourceVersionDate "2007.11.25"]
[SourceQuality "1"]

1. e4 c5 2. Nf3 e6 3. Nc3 Nc6 4. d4 cxd4 5. Nxd4 d6 6. Be3 Nf6 7. Be2 Be7 8. Qd2 a6 9. a4 Qc7 10. Nxc6 bxc6 11. a5 c5 12. f3 Bb7 13. Na4 d5 14. Nb6 Rd8 15. exd5 exd5 16. Bf4 Qc6 17. 0-0 0-0 18. Rfe1 Rde8 19. c4 d4 20. Bd1 Bd6 21. Ba4 Rxe1+ 22. Rxe1 Qc7 23. Bxd6 Qxd6 24. Qd3 Rd8 25. Re2 h5 26. g3 g6 27. Kf2 h4 28. Re1 Kg7 29. Rd1 Rh8 30. Rg1 Rh5 31. Bd1 Re5 32. Nd5 Nxd5 33. cxd5 Re3 34. Qd2 Bxd5 35. b4 Qf6 36. f4 c4 37. Be2 Rb3 38. Bd1 c3 39. Bxb3 cxd2 40. Bxd5 Qe7 41. Bf3 Qe3+ 42. Kg2 h3+ 0-1

[Event "San Francisco Ralston"]
[Site "San Francisco"]
[Date "2003.11.01"]
[Round "5"]
[White "Keatinge Clay, Adrian"]
[Black "Mezentsev, Vladimir Gen"]
[Result "0-1"]
[WhiteElo "2248"]
[BlackElo "2423"]
[PlyCount "62"]
[EventDate "2003.10.25"]
[EventType "tourn"]
[EventRounds "11"]
[EventCountry "USA"]
[EventCategory "3"]
[SourceTitle "EXT 2004"]
[Source "ChessBase"]
[SourceDate "2003.11.25"]
[SourceVersion "1"]
[SourceVersionDate "2003.11.25"]
[SourceQuality "1"]

1. d4 g6 2. c4 Bg7 3. e4 d6 4. Nc3 c5 5. Nf3 cxd4 6. Nxd4 Nc6 7. Be3 Nh6 8. Nxc6 bxc6 9. f3 f5 10. Qd2 Nf7 11. Rc1 Qa5 12. b3 0-0 13. exf5 gxf5 14. Be2 e5 15. 0-0 Be6 16. f4 Rad8 17. fxe5 dxe5 18. Qc2 e4 19. Kh1 Ne5 20. Na4 Nd3 21. Rcd1 f4 22. Bd2 Qc7 23. Bc3 Bf5 24. Bxg7 Qxg7 25. c5 Kh8 26. Bxd3 exd3 27. Qf2 Bg4 28. Rd2 f3 29. g3 Rfe8 30. Rfd1 Re2 31. Qf1 Qh6 0-1

[Event "Linklater Memorial 6th"]
[Site "San Francisco"]
[Date "2002.04.08"]
[Round "6"]
[White "Rey, Guillermo"]
[Black "Keatinge Clay, Adrian"]
[Result "1-0"]
[WhiteElo "2358"]
[BlackElo "2284"]
[PlyCount "65"]
[EventDate "2002.04.02"]
[EventType "tourn"]
[EventRounds "11"]
[EventCountry "USA"]
[EventCategory "4"]
[SourceTitle "EXT 2003"]
[Source "ChessBase"]
[SourceDate "2002.11.25"]
[SourceVersion "1"]
[SourceVersionDate "2002.11.25"]
[SourceQuality "1"]

1. d4 Nf6 2. c4 g6 3. Nc3 d5 4. Nf3 Bg7 5. Bg5 Ne4 6. cxd5 Nxc3 7. bxc3 Qxd5 8. e3 Bg4 9. Be2 Nd7 10. Bf4 0-0 11. 0-0 e5 12. dxe5 Qa5 13. h3 Bxf3 14. Bxf3 Nc5 15. Qd4 c6 16. Rab1 Rfe8 17. Qb4 Qxb4 18. cxb4 Na4 19. b5 Nc3 20. Rb3 Nxb5 21. a4 Nc7 22. Rxb7 Nd5 23. Rc1 Nxf4 24. exf4 Bh6 25. g3 g5 26. Rxc6 Kg7 27. Rf6 Rf8 28. Bh5 gxf4 29. Rbxf7+ Rxf7 30. Rxf7+ Kg8 31. gxf4 a5 32. e6 Rf8 33. Rd7 1-0

[Event "Linklater Memorial 6th"]
[Site "San Francisco"]
[Date "2002.04.04"]
[Round "2"]
[White "Lakdawala, Cyrus"]
[Black "Keatinge Clay, Adrian"]
[Result "1-0"]
[WhiteElo "2432"]
[BlackElo "2284"]
[PlyCount "77"]
[EventDate "2002.04.02"]
[EventType "tourn"]
[EventRounds "11"]
[EventCountry "USA"]
[EventCategory "4"]
[SourceTitle "EXT 2003"]
[Source "ChessBase"]
[SourceDate "2002.11.25"]
[SourceVersion "1"]
[SourceVersionDate "2002.11.25"]
[SourceQuality "1"]

1. d4 Nf6 2. Nf3 g6 3. c4 Bg7 4. Nc3 d5 5. Bf4 0-0 6. Rc1 c6 7. e3 e6 8. h3 Nbd7 9. Be2 b6 10. 0-0 Bb7 11. cxd5 exd5 12. Qa4 a5 13. Ne5 b5 14. Qc2 Qe7 15. Bf3 Rfc8 16. Rfd1 Ne8 17. Nxd7 Qxd7 18. e4 c5 19. dxc5 Rxc5 20. Qd2 d4 21. Nd5 Rxc1 22. Rxc1 Qe6 23. Qd3 b4 24. Qb5 Bxd5 25. exd5 Qf5 26. Bb8 Nf6 27. Qb7 Rxb8 28. Qxb8+ Bf8 29. Rc8 Nd7 30. Qc7 Kg7 31. Bg4 Qb1+ 32. Kh2 Qe4 33. Qxd7 d3 34. Qe8 Bd6+ 35. g3 Qxd5 36. Rd8 Qc5 37. Qe3 Qd5 38. Kg1 d2 39. Bd1 1-0

[Event "San Francisco FIDE Summer-B"]
[Site "San Francisco"]
[Date "2001.06.20"]
[Round "5"]
[White "Keatinge Clay, Adrian"]
[Black "Hernandez, Rodolfo"]
[Result "1-0"]
[WhiteElo "2223"]
[BlackElo "2149"]
[PlyCount "67"]
[EventDate "2001.06.16"]
[EventType "tourn"]
[EventRounds "11"]
[EventCountry "USA"]
[SourceTitle "EXT 2007"]
[Source "ChessBase"]
[SourceDate "2006.11.23"]
[SourceVersion "1"]
[SourceVersionDate "2006.11.23"]
[SourceQuality "1"]

1. d4 g6 2. c4 Bg7 3. e4 d6 4. Nf3 c5 5. d5 Nf6 6. Qc2 Na6 7. Nc3 0-0 8. Be2 e6 9. 0-0 exd5 10. cxd5 Nc7 11. h3 a6 12. a4 Bd7 13. Rd1 b5 14. Bf4 Nfe8 15. e5 Bf5 16. Bd3 Bxd3 17. Qxd3 c4 18. Qd2 dxe5 19. Bxe5 Nd6 20. Qf4 Bxe5 21. Nxe5 f6 22. Nc6 Qd7 23. axb5 axb5 24. Rxa8 Nxa8 25. Re1 Nc8 26. Ne4 f5 27. Ng5 Nab6 28. Qh4 h5 29. Ne6 Re8 30. Qg5 Kh7 31. Ne5 Rxe6 32. dxe6 Qxe6 33. Nd3 Qd6 34. Nf4 1-0

[Event "Koltanowski Memorial op"]
[Site "San Francisco"]
[Date "2000.12.20"]
[Round "7"]
[White "Keatinge Clay, Adrian"]
[Black "Wong, Russell"]
[Result "1/2-1/2"]
[WhiteElo "2336"]
[BlackElo "2101"]
[PlyCount "89"]
[EventDate "2000.12.14"]
[EventType "swiss"]
[EventRounds "9"]
[EventCountry "USA"]
[SourceTitle "CBM 079 Extra"]
[Source "ChessBase"]
[SourceDate "2001.01.11"]
[SourceVersion "2"]
[SourceVersionDate "2001.01.25"]
[SourceQuality "1"]

1. d4 Nf6 2. c4 c5 3. d5 e5 4. Nc3 d6 5. e4 Be7 6. Bd3 a6 7. Nge2 0-0 8. h3 Ne8 9. b3 Nd7 10. g4 Bg5 11. Bb2 Nc7 12. Ng3 g6 13. Qe2 Nf6 14. Rg1 Bf4 15. Nf5 gxf5 16. g5 Kh8 17. exf5 Rg8 18. h4 b5 19. Qf3 bxc4 20. bxc4 Rb8 21. Rb1 Nce8 22. Kf1 Qa5 23. gxf6 Rxg1+ 24. Kxg1 Nxf6 25. Ba1 Rxb1+ 26. Bxb1 Qa3 27. Kg2 Qc1 28. Qd3 Qa3 29. Qc2 Bd7 30. Ne2 Ba4 31. Qc3 Qxc3 32. Bxc3 Bh6 33. f4 Bd1 34. Bxe5 Bxe2 35. Bxf6+ Kg8 36. Kg3 Bxc4 37. Be7 Bf8 38. f6 Bxd5 39. Bxh7+ Kxh7 40. Bxf8 Bxa2 41. Bxd6 c4 42. Be5 Kg6 43. Kf3 Kf5 44. Bc3 Bb3 45. Ke3 1/2-1/2

[Event "Budapest FS07 IM-A"]
[Site "Budapest"]
[Date "2000.07.10"]
[Round "10"]
[White "Segovia, Javier"]
[Black "Keatinge Clay, Adrian"]
[Result "1/2-1/2"]
[WhiteElo "2188"]
[BlackElo "2287"]
[PlyCount "64"]
[EventDate "2000.07.03"]
[EventType "tourn"]
[EventRounds "13"]
[EventCountry "HUN"]
[EventCategory "2"]
[SourceTitle "CBM 077 Extra"]
[Source "ChessBase"]
[SourceDate "2000.09.14"]
[SourceVersion "1"]
[SourceVersionDate "2000.09.14"]
[SourceQuality "1"]

1. e4 c5 2. Nf3 Nc6 3. d4 cxd4 4. Nxd4 Nf6 5. Nc3 e5 6. Ndb5 d6 7. Bg5 a6 8. Na3 b5 9. Nd5 Be7 10. Bxf6 Bxf6 11. c3 0-0 12. Nc2 Rb8 13. h4 Be7 14. a3 a5 15. g3 Be6 16. b4 Qd7 17. Nce3 Bd8 18. Be2 Ne7 19. Nxe7+ Qxe7 20. 0-0 Bb6 21. Qd3 Bxe3 22. Qxe3 a4 23. Rfd1 Rfc8 24. Bf1 Rc6 25. Rac1 Qc7 26. Kh2 Kf8 27. Rd2 Qb6 28. Qe1 Rbc8 29. Rd3 Bc4 30. Rf3 Qb7 31. Bh3 Rd8 32. Re3 Qe7 1/2-1/2

[Event "Budapest FS07 IM-A"]
[Site "Budapest"]
[Date "2000.07.02"]
[Round "2"]
[White "Keatinge Clay, Adrian"]
[Black "Eriksson, Johan"]
[Result "0-1"]
[WhiteElo "2287"]
[BlackElo "2364"]
[PlyCount "60"]
[EventDate "2000.07.03"]
[EventType "tourn"]
[EventRounds "13"]
[EventCountry "HUN"]
[EventCategory "2"]
[SourceTitle "CBM 077 Extra"]
[Source "ChessBase"]
[SourceDate "2000.09.14"]
[SourceVersion "1"]
[SourceVersionDate "2000.09.14"]
[SourceQuality "1"]

1. d4 Nf6 2. c4 c5 3. d5 b5 4. cxb5 a6 5. e3 axb5 6. Bxb5 Qa5+ 7. Nc3 Bb7 8. Nge2 Nxd5 9. 0-0 Nxc3 10. Nxc3 e6 11. e4 Be7 12. Bf4 0-0 13. Qd3 Rd8 14. Qg3 Na6 15. Bh6 g6 16. f4 Qc7 17. e5 f5 18. exf6 Bxf6 19. Bd3 Kh8 20. Rae1 c4 21. Bb1 Qb6+ 22. Kh1 Qxb2 23. Ne4 Bxe4 24. Bxe4 d5 25. Bb1 Nc5 26. Qh3 Ra3 27. g3 Qb7 28. Bxg6 d4+ 29. Kg1 d3 30. Re3 d2 0-1

[Event "Hotel Irottko IM"]
[Site "Koszeg"]
[Date "2000.06.24"]
[Round "4"]
[White "Keatinge Clay, Adrian"]
[Black "Nemeth, Miklos"]
[Result "1-0"]
[WhiteElo "2287"]
[BlackElo "2127"]
[PlyCount "123"]
[EventDate "2000.06.??"]
[EventType "tourn"]
[EventRounds "11"]
[EventCountry "HUN"]
[EventCategory "3"]
[SourceTitle "EXT 2002"]
[Source "ChessBase"]
[SourceDate "2001.11.25"]
[SourceVersion "1"]
[SourceVersionDate "2001.11.25"]
[SourceQuality "1"]

1. d4 d5 2. c4 dxc4 3. Nf3 Nf6 4. e3 e6 5. Bxc4 c5 6. 0-0 a6 7. a4 Nc6 8. Nc3 Be7 9. Qe2 cxd4 10. Rd1 0-0 11. exd4 Nd5 12. Be3 Bf6 13. Ne4 Nce7 14. Ne5 Nf5 15. Nxf6+ Nxf6 16. Bg5 h6 17. Bxf6 Qxf6 18. Rac1 Ne7 19. Qe4 Rb8 20. Bd3 Qf5 21. Qxf5 Nxf5 22. Bxf5 exf5 23. d5 Rd8 24. f4 f6 25. Nc4 b5 26. Na5 Bd7 27. Rc7 Be8 28. d6 bxa4 29. Nb7 Rd7 30. Nc5 Rdd8 31. Rd2 Bb5 32. d7 Kf7 33. Nb7 Rxb7 34. Rxb7 Ke7 35. Kf2 g5 36. g3 h5 37. Rd1 Bc6 38. Rc7 Bb5 39. Rc8 Rxd7 40. Rxd7+ Bxd7 41. Rh8 Be8 42. Ke3 Bf7 43. Kd4 Be8 44. Kc5 a5 45. Kb6 h4 46. Kxa5 hxg3 47. Rxe8+ Kxe8 48. hxg3 a3 49. bxa3 Kf7 50. Kb6 Kg6 51. a4 Kh5 52. a5 Kg4 53. a6 Kxg3 54. a7 Kxf4 55. a8Q Kg3 56. Qa3+ Kg4 57. Kc5 f4 58. Kd4 f5 59. Qc1 Kf3 60. Qf1+ Kg3 61. Qg1+ Kh4 62. Ke5 1-0

[Event "Hotel Irottko IM"]
[Site "Koszeg"]
[Date "2000.06.23"]
[Round "3"]
[White "Keatinge Clay, Adrian"]
[Black "Gyorkos, Lajos"]
[Result "1-0"]
[WhiteElo "2287"]
[BlackElo "2372"]
[PlyCount "53"]
[EventDate "2000.06.??"]
[EventType "tourn"]
[EventRounds "11"]
[EventCountry "HUN"]
[EventCategory "3"]
[SourceTitle "EXT 2002"]
[Source "ChessBase"]
[SourceDate "2001.11.25"]
[SourceVersion "1"]
[SourceVersionDate "2001.11.25"]
[SourceQuality "1"]

1. d4 e6 2. c4 Bb4+ 3. Nd2 d5 4. a3 Be7 5. Ngf3 Nf6 6. Qc2 Nbd7 7. e4 dxe4 8. Nxe4 Nxe4 9. Qxe4 c5 10. Be2 0-0 11. 0-0 cxd4 12. Nxd4 a6 13. b4 Nf6 14. Qe3 Bd7 15. Bb2 Qc7 16. Rac1 Rfd8 17. Bf3 Bf8 18. Rfe1 Ba4 19. Ne2 Bc6 20. Be5 Qd7 21. Bxc6 bxc6 22. Bxf6 gxf6 23. Qf4 Bg7 24. Ng3 Qd4 25. Qf3 f5 26. Qxc6 Bh6 27. Nxf5 1-0

[Event "Hotel Irottko IM"]
[Site "Koszeg"]
[Date "2000.06.21"]
[Round "1"]
[White "Keatinge Clay, Adrian"]
[Black "Kranz, Armin"]
[Result "1/2-1/2"]
[WhiteElo "2287"]
[BlackElo "2211"]
[PlyCount "71"]
[EventDate "2000.06.??"]
[EventType "tourn"]
[EventRounds "11"]
[EventCountry "HUN"]
[EventCategory "3"]
[SourceTitle "EXT 2002"]
[Source "ChessBase"]
[SourceDate "2001.11.25"]
[SourceVersion "1"]
[SourceVersionDate "2001.11.25"]
[SourceQuality "1"]

1. d4 Nf6 2. c4 e6 3. Nc3 Bb4 4. Qc2 c5 5. dxc5 0-0 6. Nf3 Na6 7. Bd2 Bxc5 8. Bf4 d5 9. e3 Qa5 10. a3 Bd7 11. Nd2 Rac8 12. Be2 d4 13. Nb3 Qb6 14. exd4 Bxd4 15. Nxd4 Qxd4 16. Be3 Qe5 17. 0-0 b6 18. b4 Nb8 19. Rfd1 Bc6 20. Rd4 Rfd8 21. Qd2 Rxd4 22. Qxd4 Qc7 23. Rd1 Nbd7 24. Qd6 Qb7 25. f3 Qa8 26. b5 Bb7 27. Na4 h6 28. Qg3 Nh5 29. Qh4 Nhf6 30. Qd4 Qb8 31. Qd6 Qa8 32. Bd4 Re8 33. Bb2 Rc8 34. Qg3 Nh5 35. Qh4 Nhf6 36. Rd6 1/2-1/2

[Event "Budapest FS06 IM-B"]
[Site "Budapest"]
[Date "2000.06.11"]
[Round "9"]
[White "Keatinge Clay, Adrian"]
[Black "Eperjesi, Laszlo"]
[Result "0-1"]
[WhiteElo "2287"]
[BlackElo "2365"]
[PlyCount "75"]
[EventDate "2000.06.03"]
[EventType "tourn"]
[EventRounds "11"]
[EventCountry "HUN"]
[EventCategory "2"]
[SourceTitle "CBM 076 Extra"]
[Source "ChessBase"]
[SourceDate "2000.07.11"]
[SourceVersion "1"]
[SourceVersionDate "2000.07.11"]
[SourceQuality "1"]

1. d4 Nf6 2. c4 e6 3. Nc3 Bb4 4. Qc2 0-0 5. a3 Bxc3+ 6. Qxc3 d6 7. Bg5 Nbd7 8. f3 h6 9. Bh4 e5 10. e3 Qe8 11. Bd3 e4 12. Bc2 d5 13. b3 Qe6 14. Ne2 exf3 15. gxf3 Re8 16. Kf2 b6 17. Nf4 Qc6 18. Bxf6 Nxf6 19. Nd3 Bb7 20. Ne5 Qe6 21. Qd3 c5 22. Qf5 cxd4 23. exd4 Qd6 24. Rad1 Bc8 25. Qf4 Rd8 26. Rhg1 Kf8 27. Rxg7 Kxg7 28. Rg1+ Kf8 29. Qxh6+ Ke7 30. Qg7 Be6 31. c5 bxc5 32. Bf5 Rg8 33. Ng6+ Kd8 34. Qxf6+ Kc7 35. Ne5 Rxg1 36. Kxg1 cxd4 37. Nxf7 Bxf7 38. Qxf7+ 0-1

[Event "Budapest FS06 IM-B"]
[Site "Budapest"]
[Date "2000.06.09"]
[Round "7"]
[White "Keatinge Clay, Adrian"]
[Black "Daamen, Ferry"]
[Result "1/2-1/2"]
[WhiteElo "2287"]
[BlackElo "2155"]
[PlyCount "51"]
[EventDate "2000.06.03"]
[EventType "tourn"]
[EventRounds "11"]
[EventCountry "HUN"]
[EventCategory "2"]
[SourceTitle "CBM 076 Extra"]
[Source "ChessBase"]
[SourceDate "2000.07.11"]
[SourceVersion "1"]
[SourceVersionDate "2000.07.11"]
[SourceQuality "1"]

1. d4 Nf6 2. c4 g6 3. Nc3 d5 4. cxd5 Nxd5 5. e4 Nxc3 6. bxc3 Bg7 7. Bc4 c5 8. Ne2 Nc6 9. Be3 0-0 10. 0-0 Bg4 11. f3 Na5 12. Bd3 cxd4 13. cxd4 Be6 14. d5 Bxa1 15. Qxa1 f6 16. Rb1 Bd7 17. Qd4 e5 18. Qb4 b6 19. Nc3 Rc8 20. Ba6 Rb8 21. Rd1 Rf7 22. Kh1 Kg7 23. g4 g5 24. Ne2 Bc8 25. Bb5 Bd7 26. Ba6 1/2-1/2

[Event "Budapest FS06 IM-B"]
[Site "Budapest"]
[Date "2000.06.08"]
[Round "6"]
[White "Nakamura, Hikaru"]
[Black "Keatinge Clay, Adrian"]
[Result "1/2-1/2"]
[WhiteElo "2261"]
[BlackElo "2287"]
[PlyCount "120"]
[EventDate "2000.06.03"]
[EventType "tourn"]
[EventRounds "11"]
[EventCountry "HUN"]
[EventCategory "2"]
[SourceTitle "CBM 076 Extra"]
[Source "ChessBase"]
[SourceDate "2000.07.11"]
[SourceVersion "1"]
[SourceVersionDate "2000.07.11"]
[SourceQuality "1"]

1. e4 c5 2. Nf3 Nc6 3. d4 cxd4 4. Nxd4 Nf6 5. Nc3 e5 6. Ndb5 d6 7. Bg5 a6 8. Na3 b5 9. Nd5 Be7 10. Bxf6 Bxf6 11. c3 0-0 12. Nc2 Rb8 13. h4 Be7 14. Nce3 Be6 15. Bd3 Qd7 16. a4 Bd8 17. axb5 axb5 18. h5 Bg5 19. Qf3 h6 20. Nf5 b4 21. Ra6 Rfe8 22. 0-0 bxc3 23. bxc3 g6 24. Nfe3 Kg7 25. Rd1 Ne7 26. Be2 Red8 27. Nxe7 Qxe7 28. Nc4 Bxc4 29. Bxc4 Bf6 30. Qd3 Qc7 31. Qd5 Rbc8 32. Rc6 Qe7 33. hxg6 fxg6 34. Rb1 Rxc6 35. Qxc6 Rd7 36. Qd5 h5 37. Rb8 Kh6 38. Qd2+ Kh7 39. Bg8+ Kg7 40. Bc4 Kh7 41. Qd5 Rd8 42. Rb7 Rd7 43. Rb8 Rd8 44. Rb6 Bg7 45. Qb5 Rc8 46. Rb7 Rc7 47. Rb8 Qg5 48. Bg8+ Kh6 49. Qb2 Qf4 50. g3 Qg5 51. c4 Ra7 52. Bd5 Rd7 53. Kh2 Rd8 54. Rb7 Rf8 55. Rd7 Qf6 56. Qd2+ Kh7 57. Kg1 Kh8 58. Bc6 Rd8 59. Rxd8+ Qxd8 60. c5 Bf8 1/2-1/2

[Event "Budapest FS06 IM-B"]
[Site "Budapest"]
[Date "2000.06.04"]
[Round "2"]
[White "Keatinge Clay, Adrian"]
[Black "Resika, Nathan A"]
[Result "0-1"]
[WhiteElo "2287"]
[BlackElo "2190"]
[PlyCount "68"]
[EventDate "2000.06.03"]
[EventType "tourn"]
[EventRounds "11"]
[EventCountry "HUN"]
[EventCategory "2"]
[SourceTitle "CBM 076 Extra"]
[Source "ChessBase"]
[SourceDate "2000.07.11"]
[SourceVersion "1"]
[SourceVersionDate "2000.07.11"]
[SourceQuality "1"]

1. d4 g6 2. c4 Bg7 3. Nc3 c5 4. d5 Bxc3+ 5. bxc3 f5 6. e4 fxe4 7. f3 Qa5 8. Qc2 Nf6 9. fxe4 d6 10. Bd3 Nbd7 11. Nf3 Ng4 12. 0-0 Nde5 13. Bf4 Bd7 14. h3 0-0 15. Bxe5 Nxe5 16. Nxe5 dxe5 17. Rxf8+ Rxf8 18. Rf1 Rxf1+ 19. Bxf1 Qb6 20. Qf2 a5 21. Qg3 Qf6 22. Be2 Kg7 23. h4 b6 24. Bd1 h6 25. Bg4 Ba4 26. h5 Qg5 27. Qf3 Qc1+ 28. Kh2 g5 29. g3 Qd2+ 30. Kh3 Qe1 31. Be6 Be8 32. Kg4 Qg1 33. Qe2 Qh1 34. Kf5 Bxh5 0-1

[Event "Budapest FS06 IM-B"]
[Site "Budapest"]
[Date "2000.06.03"]
[Round "1"]
[White "Zivanic, Marko"]
[Black "Keatinge Clay, Adrian"]
[Result "1-0"]
[WhiteElo "2317"]
[BlackElo "2287"]
[PlyCount "53"]
[EventDate "2000.06.03"]
[EventType "tourn"]
[EventRounds "11"]
[EventCountry "HUN"]
[EventCategory "2"]
[SourceTitle "CBM 076 Extra"]
[Source "ChessBase"]
[SourceDate "2000.07.11"]
[SourceVersion "1"]
[SourceVersionDate "2000.07.11"]
[SourceQuality "1"]

1. d4 Nf6 2. c4 g6 3. Nc3 d5 4. Nf3 Bg7 5. Bg5 Ne4 6. cxd5 Nxg5 7. Nxg5 e6 8. Qd2 exd5 9. Qe3+ Kf8 10. Qf4 f6 11. e4 c6 12. h4 Kg8 13. Nf3 Be6 14. Bd3 Nd7 15. exd5 cxd5 16. h5 g5 17. Qe3 Bf7 18. 0-0-0 h6 19. Rde1 Bf8 20. Bg6 Nb6 21. Bxf7+ Kxf7 22. Qe6+ Kg7 23. Nh4 Rg8 24. Ng6 Qd6 25. Qf5 Rd8 26. Re6 Qb4 27. Qxf6+ 1-0

[Event "Corus Reserve Group"]
[Site "Wijk aan Zee"]
[Date "2000.01.26"]
[Round "6"]
[White "Keatinge Clay, Adrian"]
[Black "Happel, Henk"]
[Result "1-0"]
[WhiteElo "2287"]
[BlackElo "2215"]
[PlyCount "49"]
[EventDate "2000.01.21"]
[EventType "swiss"]
[EventRounds "9"]
[EventCountry "NED"]
[SourceTitle "CBM 074 Extra"]
[Source "ChessBase"]
[SourceDate "2000.03.10"]
[SourceVersion "2"]
[SourceVersionDate "2000.03.10"]
[SourceQuality "1"]

1. d4 Nf6 2. c4 e6 3. Nc3 Bb4 4. Qc2 Nc6 5. Nf3 0-0 6. a3 Bxc3+ 7. Qxc3 a5 8. b3 Qe7 9. e3 d6 10. Bb2 Re8 11. Be2 e5 12. d5 Nb8 13. Nd2 c6 14. e4 Bd7 15. 0-0 cxd5 16. exd5 b5 17. Rae1 bxc4 18. Bxc4 Bc8 19. f4 Nfd7 20. Nf3 f6 21. Nh4 Nf8 22. fxe5 fxe5 23. Qf3 Qd8 24. Qf7+ Kh8 25. Rxe5 1-0

[Event "Corus Reserve Group"]
[Site "Wijk aan Zee"]
[Date "2000.01.21"]
[Round "1"]
[White "Van der Weide, Karel"]
[Black "Keatinge Clay, Adrian"]
[Result "0-1"]
[WhiteElo "2452"]
[BlackElo "2287"]
[PlyCount "62"]
[EventDate "2000.01.21"]
[EventType "swiss"]
[EventRounds "9"]
[EventCountry "NED"]
[SourceTitle "CBM 074 Extra"]
[Source "ChessBase"]
[SourceDate "2000.03.10"]
[SourceVersion "2"]
[SourceVersionDate "2000.03.10"]
[SourceQuality "1"]

1. e4 c5 2. Nf3 Nc6 3. d4 cxd4 4. Nxd4 Nf6 5. Nc3 e5 6. Ndb5 d6 7. Bg5 a6 8. Na3 b5 9. Bxf6 gxf6 10. Nd5 Bg7 11. Bd3 Ne7 12. Nxe7 Qxe7 13. c3 f5 14. 0-0 0-0 15. Nc2 Rb8 16. exf5 e4 17. Re1 d5 18. Bf1 Rd8 19. Qh5 Qe5 20. Rad1 Rd6 21. g3 Bxf5 22. Nd4 Bd7 23. Qxe5 Bxe5 24. f3 f5 25. Bh3 Rh6 26. Nc2 Rxh3 27. Rxd5 Bxg3 28. hxg3 Rxg3+ 29. Kh2 Rg7 30. fxe4 Rb6 31. Re3 f4 0-1